MDQL
is popping MORE tags! Check the
thread
!
Quizzes
Events
Quiz Creation
Community
Videos
Private Events
Remove Ads
Sign In
Join for FREE
Feedback
Dark Mode
Quiz Categories
Sports
Geography
Music
Movies
Television
Just For Fun
Miscellaneous
History
Literature
Language
Science
Gaming
Entertainment
Religion
Holiday
For Kids
Quiz Lab
Recent
Popular Today
Quiz Kudos Today
Editor Picks
Curator Picks
Quizzes by...
Day
Popularity
Type
Ratings
Length
Year
Community
Subscriptions
Recent Discussions
Orange Saloon
Badges
Playlists
Quests
Create
Leaderboards
Showdown
Live 5
Trivia Bingo
Activity
Puzzle Library
Sporcle Events
Private Events
Virtual Trivia
Globe League
Become a Host
Pub Owners
SporcleCon
Opinionation
Our Games
Videos
Blog
Mobile Apps
Partnerships
Remove Ads and Go Orange
Feedback
Movies
Disney
Marvel Cinematic Universe
Movie Resume
Movie Titles
Oscar
Actor
Actress
Director
Pixar
Role
Movie Quotes
Movie Characters
Box Office
Nominee
Best Picture
Star Wars
James Bond
Horror Movies
Movies
Disney
Marvel Cinematic Universe
Movie Resume
Movie Titles
Oscar
Actor
Actress
Director
Pixar
Role
Movie Quotes
Movie Characters
Box Office
Nominee
Best Picture
Star Wars
James Bond
Horror Movies
Random Quiz
Search Sporcle
×
Quiz Lab
Quiz Lab
Movies
Lyrics
Type in answers that appear in a list
Type in answers that appear in a list
Classic
Best Score? Go Orange.
Guess The Anastasia Lyrics 5 Stats
Can you name the Anastasia lyrics?
By
MiaElizabeth
10m
279 Questions
712 Plays
712 Plays
712 Plays
Comments
Comments
Give Quiz Kudos
Give Quiz Kudos
-
- Ratings
hide this ad
Replay
Link that replays current quiz
Next Quiz
Link to next quiz in quiz playlist
You Got
0%
They Got
Avg Score
61%
Avg Friend Score
Upgrade to see
Score Distribution
Jump to the score distribution portion of the page
Score
0/279
Timer
10:00
0
Plays Today
% Correct
the
93.7%
the
93.7%
and
93.7%
and
93.7%
the
93.7%
a
93.7%
and
93.7%
the
93.7%
the
93.7%
the
93.7%
a
93.7%
the
93.7%
the
93.7%
the
93.7%
the
93.7%
and
93.7%
the
93.5%
the
93.5%
the
93.5%
the
93.5%
the
93.5%
the
93.5%
the
93.5%
the
93.5%
the
93.5%
the
93.5%
the
93.5%
the
93.5%
the
93.5%
the
93.5%
the
93.5%
the
93.5%
the
93.5%
the
93.5%
the
93.5%
the
93.5%
the
93.5%
the
93.5%
the
93.3%
the
93.3%
the
93.3%
a
93.1%
the
93.1%
a
93.1%
the
93.1%
i
91.3%
i
91.3%
i
91.3%
i
91.3%
i
91.3%
i
91.3%
in
75.6%
in
75.6%
in
75.6%
in
75.6%
in
75.6%
in
75.6%
in
75.6%
in
75.6%
in
75.6%
in
75.6%
in
75.6%
in
75.4%
in
75.4%
in
75.4%
in
75.4%
be
73%
be
73%
be
72.9%
be
72.8%
be
72.5%
of
72.1%
of
72.1%
of
72.1%
of
72.1%
of
72.1%
of
72.1%
of
72.1%
of
72.1%
of
72.1%
of
72.1%
of
72.1%
of
72.1%
of
71.9%
of
71.9%
to
71.9%
of
71.9%
of
71.9%
of
71.9%
of
71.5%
night
67.6%
night
67.6%
night
67.6%
% Correct
night
67.6%
night
67.6%
night
67.6%
night
67.6%
night
67.6%
night
67.4%
night
67.4%
night
67.4%
her
67.3%
her
67.3%
night
67.1%
night
67.1%
night
67.1%
dark
66.9%
dark
66.9%
dark
66.9%
dark
66.9%
dark
66.9%
dark
66.9%
dark
66.9%
dark
66.9%
dark
66.9%
dark
66.9%
dark
66.9%
her
66.9%
dark
66.9%
dark
66.9%
dark
66.9%
her
66.7%
her
66.7%
her
66.7%
my
66.3%
my
66.3%
my
66.3%
my
66%
my
66%
my
66%
my
66%
me
64.9%
me
64.9%
me
64.9%
she
64.6%
will
64.5%
will
64.5%
will
64.5%
can
64.3%
can
64.2%
can
64%
will
64%
will
63.9%
will
63.9%
it
63.2%
find
62.4%
find
62.4%
find
62.4%
was
62.1%
was
62.1%
was
62.1%
was
62.1%
once
61.4%
do
60.1%
your
58%
your
57.7%
your
57.6%
is
56.9%
she'll
56%
she'll
56%
she'll
56%
one
54.8%
evil
54.4%
evil
54.4%
evil
54.4%
nightmare
53.9%
nightmare
53.9%
Anya
53.9%
evil
53.9%
they
53.8%
Anya
53.8%
for
53.8%
for
53.7%
when
53.5%
as
53.5%
tossing
53.4%
turning
53.4%
when
53.4%
as
53.1%
as
53.1%
all
52.9%
had
52.8%
little
51.8%
little
51.8%
that
51.4%
that
51.3%
% Correct
mine
51.1%
but
51%
that
51%
Russia
50.7%
then
50.3%
man
50%
most
49.6%
got
49.2%
girl
48.7%
are
48.7%
are
48.6%
away
47.9%
curse
47.5%
curse
47.3%
falling
47.1%
fall
47.1%
gone
46.5%
bits
46.3%
out
46.1%
mystical
45.9%
come
45.9%
them
45.8%
corpse
45.6%
beware
45.5%
terror
44.9%
minions
44.5%
made
44.4%
made
44.4%
terror
44.4%
let
44%
eyes
43.8%
bad
43.7%
complete
43.7%
scared
43.5%
wits
43.3%
royals
43.1%
mistake
43.1%
opened
43%
awake
42.8%
real
42.8%
betrayed
42.6%
see
42.6%
master
42.4%
now
42.4%
grace
42%
feel
41.9%
feel
41.9%
ever
41.9%
Rasputin's
41.4%
i'll
41.3%
pay
40.9%
Dasvidanya
40.2%
farewell
40%
it's
39.5%
each
39.3%
faster
38.6%
fly
38.5%
end
38.1%
rise
38.1%
shine
37.4%
just
37.2%
place
37.1%
nightmares
36.9%
soon
36.9%
powers
36.8%
into
36.8%
place
36.8%
into
36.7%
sweet
36.4%
pieces
36.1%
yes
35.8%
revenge
35.7%
returning
35.7%
cologne
35.1%
least
35%
smell
34.6%
slowly
34.3%
dash
34.3%
before
34%
dawn
33.3%
line
33.1%
crawl
32.4%
sash
30.1%
tie
29.5%
terror's
28.7%
dear
28.5%
through
28.2%
sign
27.4%
here's
23.5%
true
19.1%
strike
17.6%
brew
16.6%
comes
16.6%
Quiz Playlist
Details
Report
Send in Message
Add To Playlist
Classic:
Type in answers that appear in a list
Last Updated: Feb 16, 2017
Quiz Scoreboard
CHALLENGE
Sign Up to Join the Scoreboard
Show All
Scores
Hide
Comments
May contain spoilers
Recently Published
Colored Red Africa Blitz
by spor1
Geography
30s
Find the 'City' Movie
by crazypaving
Movies
60s
5x2 Blitz: Bands
by SL_Kpop136
Music
30s
More to Explore
Quiz From the Vault
Featured Blog Post
14 Easter Pick-up Lines to Find Eggs With
hide this ad
You Might Also Like...
Tags
Lyrics Quiz
anastasia
Movie Songs
Today's Top Quizzes in Movies
Browse Movies
hide this ad
Today's Top Quizzes in Lyrics
Browse Lyrics
Top Contributed Quizzes in Movies
1
Find The 'Big' Movie
2
Find The 'Wild' Movie
3
Find The 'Blue' Movie
4
Movies By Plot
5
Hidden Star Wars Character II
6
Hidden Star Wars Character III
7
Pick 5 Posters: Directed by Spielberg
8
Hidden Star Wars Character IV
9
Alfred Hitchcock Movies by Plot
10
Hidden Star Wars Character V
Explore More
Trending Topics
Crossword
Disney
NBA
Anime
Marvel
Harry Potter
Kpop
WWE
Pokémon
NFL
The Office
Soccer
Song
Country
Puzzle
hide this ad
More By:
MiaElizabeth
Quiz
Plays
Rating
Category
Featured
Created
Guess The Anastasia Lyrics 6
1,062
4.00
Movies
Oct 12, 2011
Guess The Anastasia Lyrics 5
712
4.33
Movies
Oct 12, 2011
Guess The Anastasia Lyrics 1
512
5.00
Movies
Oct 12, 2011
Guess The Anastasia Lyrics 4
492
2.50
Movies
Oct 12, 2011
Guess The Anastasia Lyrics 2
467
3.50
Movies
Oct 12, 2011
Go to Creator's Profile
Score Distribution
Quiz Creator Spotlight
MiaElizabeth
Follow
Send a Message
Quizzes Created
-
Created Quiz Play Count
-
More By This Creator
Popular Quizzes Today
1
Colored Red Africa Blitz
2
Find the 'City' Movie
3
Find the US States - No Outlines Minefield
4
5x2 Blitz: Bands
5
The Countries of the World
6
Find the US States
7
US States
8
9x9 Crossword: Cartoon Network
More Movies Quizzes
Michael Keaton Films by Image
Quiz Lab
Trending Quizzes
Colored Red Europe Blitz I
Colored Red Europe Blitz II
Colored Red Africa Blitz II
Colored Red Africa Blitz III
Colored Red Europe Blitz III
Recently Updated
Grab Bag: 4-10 Letters
pecheneg
2024 March Madness Bracket
pecheneg
Famous TV Couples
Peacemaker
Champions League XIs: Real Madrid
pecheneg
Largest US Cities 1790-2010
pecheneg
Rides in Walt Disney World
pecheneg
Most Oscar Losses (Acting)
pecheneg
Beyoncé Albums
pecheneg
Leaping Animals
pecheneg
Reality TV Shows (A-Z)
bhenderson79
Trending Topics
Kpop
Anime
Marvel
NBA
Crossword
Disney
Harry Potter
Puzzle
The Office
NFL
Soccer
WWE
Song
Pokémon
Country
Your Account Isn't Verified!
In order to create a playlist on Sporcle, you need to verify the email address you used during registration. Go to your
Sporcle Settings
to finish the process.
Report this User
Report this user for behavior that violates our
Community Guidelines
.
Details:
Send Report
Go to the Sporcle.com Mobile Site →
Comments